000 00822nam a2200229 a 4500
001 000025636
005 20200930023932.0
008 110218s1922 pr r 000 p spa d
040 _aDO-SdBNP
_bspa
_cBNPHU
082 _aPR861.7295
_bA634c
245 0 1 _aAntología completa de poetas portorriqueños :
_blos nuevos /
_ccompilación y prólogo de Carlos N. Carreras.
260 _aSan Juan, Puerto Rico :
_bPuerto Rico Ilustrado,
_c1922.
300 _av. ;
_c20 cm.
490 1 _aBiblioteca Puerto Rico Ilustrado
500 _aLa biblioteca posee el V.3
650 4 _aPoetas puertorriqueños
_952354
650 4 _aPoesía puertoprriqueña
_952355
650 4 _aLiteratura puertoprriqueña
_952356
700 1 _aCarreras, Carlos N.
_epról.
_952357
830 0 _aBiblioteca Puerto Rico Ilustrado
_952358
049 _aBNGR
999 _c25128
_d25128